00373 2200157 4500245004300000020001800043250001200061100001700073650001600090005001900106260003000125041001400155084000800169300002900177336000900206 aCinta BrontosauruscRaditya DikahText a979-780-059-8 aCet. 39 aRaditya Dika aNovel Fiksi a20230113101745 aJakartabGagasMediac2006 aIndonesia a813 aviii, 152 hlm. :c19 cm. atext